Casa de Campo o la Creación Consciente de sí Misma /

Furkejuvvon:
Bibliográfalaš dieđut
Váldodahkki: Rivas, Luz Marina
Materiálatiipa: Dovdameahttun
Fáttát:
Fáddágilkorat: Lasit fáddágilkoriid
Eai fáddágilkorat, Lasit vuosttaš fáddágilkora!

MARC

LEADER 000000000a22000000004500
001 003196
100 1 |a Rivas, Luz Marina 
245 1 0 |a Casa de Campo o la Creación Consciente de sí Misma /   |c Luz Marina Rivas. 
310 |a semestral 
500 |a Otro ejemplar con número especial dedicado al personaje de ficción 
650 4 |a DONOSO, JOSE, 1925- 
650 4 |a CASA DE CAMPO 
650 4 |a AUTOREFERENCIALIDAD 
650 4 |a METATEXTO 
650 4 |a NARRADOR 
650 4 |a AUTOR 
650 4 |a PERSONAJES 
650 4 |a FICCION 
650 4 |a CREACION 
773 0 |x 0798-958-X  |d Venezuela : Universidad Simón Bolívar  |t Estudios: Revista de Investigaciones Literarias  |g número 3 (1994), páginas 135-162 
942 |c ARC 
999 |c 9984  |d 9984